000 00632nam a2200205Ia 4500
003 GCL
008 140319s9999 xx 000 0 ara d
020 _a637286977
040 _aGCL /
_cGCL
082 0 4 _a301.423
_bع ا
100 1 _aعلى عبدالواحد وافى
245 1 0 _aالاسرة والمجتمع /
_cعلى عبدالواحد وافى
260 _aالقاهرة :
_bدار نهضة مصر للطبع والنشر ،
_c1977
300 _a190 ؛
_c24سم
650 0 4 _aالفلسفة
650 0 4 _aالاسرة
650 0 4 _aالزواج
650 0 4 _aالحياة الاجتماعية
942 _2ddc
_cBK
999 _c31439
_d31439